00350pab a2200121 454500008004000000100001800040245008900058260000900147300001300156362001100169650001100180773003700191180718b2008 xxu||||| |||| 00| 0 eng d aDeaton, Angus aIncome, health, and well-being around the world: evidence from the gallup world poll c2008 ap.53-72. aSpring aIncome aJournal of Economic Perspectives